000 00709nam a2200193 4500
001 139143
003 ES-MaACL
005 20251009173200.0
007 t|
008 070214s1949 sp r ||||1| spa d
100 0 _aSanz y Díaz, José,
_d1907-1988
_9103694
245 1 0 _aRiojanos en Indias
_b: D. Manuel Alfaro, natural de Cervera : (fue padre del famoso general y político liberal ecuatoriano) /
_cpor José Sanz y Díaz.
260 _aLogroño :
_b[s. n.],
_c1949.
300 _a6 h., 1 lám. ;
_c24 cm.
595 _aSeparata de: Berceo, año IV, n. 12, p. 366-375.
600 1 4 _aAlfaro, Manuel Ibo,
_d1828-1885
_9171622
852 _aES-MaACL
_j1904-F-16
999 _c139143
_d139143